[Event "RTU Open, Riga"]
[Site "?"]
[Date "2013.08.05"]
[Round "1.3"]
[White "Aleksandrov, Aleksej"]
[Black "Sanders, Isaac B"]
[Result "1/2-1/2"]
[BlackElo "2254"]
[WhiteElo "2626"]

1. d4 {[%clk 1:30:58]} Nf6 {[%clk 1:30:41]} 2. c4 {[%clk 1:31:24]} e6
{[%clk 1:30:55]} 3. Nc3 {[%clk 1:31:50]} Bb4 {[%clk 1:31:08]} 4. e3
{[%clk 1:32:16]} Nc6 {[%clk 1:29:50]} 5. Nge2 {[%clk 1:31:58]} d5
{[%clk 1:28:15]} 6. a3 {[%clk 1:31:48]} Bd6 {[%clk 1:28:30]} 7. c5
{[%clk 1:30:35]} Be7 {[%clk 1:28:49]} 8. b4 {[%clk 1:30:54]} O-O {[%clk 1:23:52]}
9. Nf4 {[%clk 1:28:48]} Ne8 {[%clk 1:21:56]} 10. Bd3 {[%clk 1:13:26]} f5
{[%clk 1:16:32]} 11. g4 {[%clk 1:03:54]} fxg4 {[%clk 1:11:04]} 12. Qxg4
{[%clk 1:03:57]} e5 {[%clk 1:00:48]} 13. Ne6 {[%clk 1:03:14]} e4 {[%clk 0:55:32]}
14. Nxe4 {[%clk 0:59:34]} Qd7 {[%clk 0:52:38]} 15. N4g5 {[%clk 0:55:03]} Bxg5
{[%clk 0:45:23]} 16. Bxh7 {[%clk 0:52:08]} Kh8 {[%clk 0:45:39]} 17. Qxg5
{[%clk 0:45:42]} Qxe6 {[%clk 0:45:45]} 18. Bg6 {[%clk 0:45:30]} Qg4
{[%clk 0:42:07]} 19. h4 {[%clk 0:40:45]} Qxg5 {[%clk 0:31:24]} 20. hxg5
{[%clk 0:41:09]} Kg8 {[%clk 0:31:44]} 21. Bc2 {[%clk 0:36:08]} Bf5
{[%clk 0:29:03]} 22. Bb3 {[%clk 0:36:36]} Ne7 {[%clk 0:29:19]} 23. f3
{[%clk 0:37:01]} Be6 {[%clk 0:28:58]} 24. Ke2 {[%clk 0:34:23]} Nf5
{[%clk 0:26:12]} 25. Kf2 {[%clk 0:34:46]} g6 {[%clk 0:25:17]} 26. Bb2
{[%clk 0:28:40]} Neg7 {[%clk 0:24:28]} 27. Rh2 {[%clk 0:25:25]} Rae8
{[%clk 0:23:20]} 28. Rg1 {[%clk 0:25:49]} c6 {[%clk 0:22:09]} 29. a4
{[%clk 0:25:50]} Nh5 {[%clk 0:20:43]} 30. Bc3 {[%clk 0:25:49]} Re7
{[%clk 0:19:11]} 31. Bd2 {[%clk 0:25:53]} Rfe8 {[%clk 0:16:28]} 32. Re1
{[%clk 0:25:05]} Nfg7 {[%clk 0:13:59]} 33. b5 {[%clk 0:24:02]} Rf7
{[%clk 0:13:16]} 34. Kg2 {[%clk 0:21:47]} Ref8 {[%clk 0:12:04]} 35. Bd1
{[%clk 0:22:15]} Rf5 {[%clk 0:10:15]} 36. f4 {[%clk 0:22:38]} R5f7
{[%clk 0:10:21]} 37. Bf3 {[%clk 0:23:02]} Bf5 {[%clk 0:10:21]} 38. a5
{[%clk 0:23:24]} Bd3 {[%clk 0:09:50]} 39. b6 {[%clk 0:23:36]} a6 {[%clk 0:10:09]}
40. Kf2 {[%clk 0:23:16]} Re7 {[%clk 0:10:08]} 41. Bd1 {[%clk 0:20:43]} Kf7
{[%clk 0:08:29]} 42. Bg4 {[%clk 0:21:00]} Rh8 {[%clk 0:08:16]} 43. Rh4
{[%clk 0:19:23]} Bf5 {[%clk 0:07:41]} 44. Bf3 {[%clk 0:19:16]} Ree8
{[%clk 0:07:18]} 45. Rg1 {[%clk 0:17:11]} Be4 {[%clk 0:07:20]} 46. Rgh1
{[%clk 0:14:56]} Bxf3 {[%clk 0:06:32]} 47. Kxf3 {[%clk 0:15:25]} Nf5
{[%clk 0:06:33]} 48. R4h3 {[%clk 0:15:46]} Kg7 {[%clk 0:06:49]} 49. Rg1
{[%clk 0:14:11]} Re4 {[%clk 0:06:40]} 50. Kf2 {[%clk 0:12:08]} Kg8
{[%clk 0:05:40]} 51. Re1 {[%clk 0:09:44]} Nhg7 {[%clk 0:04:33]} 52. Rxh8
{[%clk 0:09:42]} Kxh8 {[%clk 0:04:55]} 53. Kf3 {[%clk 0:08:57]} Kg8
{[%clk 0:04:02]} 54. Re2 {[%clk 0:06:54]} Nh5 {[%clk 0:03:41]} 55. Rh2
{[%clk 0:06:43]} Re7 {[%clk 0:03:18]} 56. Rh3 {[%clk 0:07:03]} Nhg7
{[%clk 0:02:19]} 57. Rh2 {[%clk 0:06:20]} Nh5 {[%clk 0:01:37]} 58. Rh3
{[%clk 0:06:40]} Rh7 {[%clk 0:02:01]} 59. Be1 {[%clk 0:06:56]} Rf7
{[%clk 0:01:43]} 60. Rh2 {[%clk 0:06:06]} Kf8 {[%clk 0:01:28]} 61. Bf2
{[%clk 0:06:15]} Re7 {[%clk 0:01:36]} 62. Rh1 {[%clk 0:04:55]} Re4
{[%clk 0:01:49]} 63. Rd1 {[%clk 0:04:42]} Kf7 {[%clk 0:02:10]} 64. Rd3
{[%clk 0:04:19]} Nhg7 {[%clk 0:01:45]} 65. Rd1 {[%clk 0:04:02]} Ne6
{[%clk 0:01:28]} 66. Rh1 {[%clk 0:03:47]} Kg7 {[%clk 0:01:19]} 67. Re1
{[%clk 0:03:37]} Nfxd4 {[%clk 0:00:57]} 68. exd4 {[%clk 0:03:59]} Rxe1
{[%clk 0:01:20]} 69. Bxe1 {[%clk 0:04:18]} Nxd4 {[%clk 0:01:44]} 70. Kg4
{[%clk 0:03:51]} Kf7 {[%clk 0:02:10]} 71. Bc3 {[%clk 0:03:44]} Nb3
{[%clk 0:01:27]} 72. Bb4 {[%clk 0:03:29]} Nd4 {[%clk 0:01:04]} 73. Bc3
{[%clk 0:03:54]} Nf5 {[%clk 0:01:29]} 74. Kf3 {[%clk 0:03:36]} Ke6
{[%clk 0:01:13]} 75. Bf6 {[%clk 0:03:14]} Nh4 {[%clk 0:00:39]} 76. Kg3
{[%clk 0:03:02]} Nf5 {[%clk 0:01:02]} 77. Kf3 {[%clk 0:03:31]} Nh4
{[%clk 0:00:33]} 78. Ke4 Ke5 1/2-1/2

[Event "RTU Open, Riga"]
[Site "?"]
[Date "2013.08.05"]
[Round "1.7"]
[White "Kulaots, Kaido"]
[Black "Zuckovs, Aleksejs"]
[Result "1-0"]
[BlackElo "2236"]
[WhiteElo "2581"]

1. e4 d5 {[%clk 1:30:34]} 2. exd5 {[%clk 1:31:17]} Qxd5 {[%clk 1:31:02]} 3. Nc3
{[%clk 1:31:33]} Qa5 {[%clk 1:31:31]} 4. d4 {[%clk 1:31:48]} Nf6 {[%clk 1:31:45]}
5. Bc4 Nc6 {[%clk 1:23:07]} 6. Nge2 {[%clk 1:31:13]} Bg4 {[%clk 1:17:49]} 7. f3
{[%clk 1:30:21]} Bf5 {[%clk 1:11:59]} 8. Bd2 {[%clk 1:15:41]} O-O-O
{[%clk 0:56:43]} 9. a3 Nb8 {[%clk 0:20:21]} 10. Nb5 {[%clk 1:09:57]} Qb6
{[%clk 0:19:09]} 11. a4 {[%clk 1:10:08]} a5 {[%clk 0:17:45]} 12. b4
{[%clk 1:05:15]} Nc6 {[%clk 0:13:50]} 13. bxa5 {[%clk 1:04:54]} Nxa5
{[%clk 0:14:07]} 14. Ba2 {[%clk 0:59:05]} Be6 {[%clk 0:12:05]} 15. Bxe6
{[%clk 0:58:54]} fxe6 {[%clk 0:12:28]} 16. O-O {[%clk 0:58:34]} e5
{[%clk 0:12:13]} 17. Bxa5 {[%clk 0:56:32]} Qxa5 {[%clk 0:12:32]} 18. Qd3
{[%clk 0:56:43]} exd4 {[%clk 0:12:05]} 19. Nexd4 {[%clk 0:55:05]} e5
{[%clk 0:11:43]} 20. Qf5 {[%clk 0:55:26]} Kb8 {[%clk 0:11:50]} 21. Qxe5
{[%clk 0:52:11]} Rd5 {[%clk 0:10:46]} 22. Qf4 {[%clk 0:50:25]} Bc5
{[%clk 0:10:36]} 23. Kh1 {[%clk 0:50:07]} Bxd4 {[%clk 0:09:41]} 24. Nxd4
{[%clk 0:48:51]} Rhd8 {[%clk 0:09:20]} 25. Ne6 {[%clk 0:42:57]} R8d7
{[%clk 0:09:41]} 26. Rab1 {[%clk 0:41:32]} Rd2 {[%clk 0:06:05]} 27. Qe3
{[%clk 0:33:48]} Nd5 {[%clk 0:05:15]} 28. Qc5 {[%clk 0:30:49]} Qxc5
{[%clk 0:03:29]} 29. Nxc5 {[%clk 0:31:15]} Re7 {[%clk 0:03:59]} 30. Rxb7
{[%clk 0:30:30]} Kc8 {[%clk 0:03:19]} 31. Ra7 {[%clk 0:23:48]} Kb8
{[%clk 0:03:10]} 32. Ra5 {[%clk 0:23:49]} Ree2 {[%clk 0:02:24]} 33. Nb3
{[%clk 0:22:56]} Rxc2 {[%clk 0:02:16]} 34. Rxd5 {[%clk 0:21:48]} Rxg2
{[%clk 0:02:44]} 35. Rh5 {[%clk 0:22:11]} h6 {[%clk 0:03:11]} 36. Rg1
{[%clk 0:20:51]} Rgf2 {[%clk 0:03:33]} 37. Rxg7 {[%clk 0:20:14]} Rc4
{[%clk 0:03:04]} 38. Rxh6 {[%clk 0:14:47]} Rxf3 {[%clk 0:03:27]} 39. Nd2
{[%clk 0:14:24]} Rc1 {[%clk 0:03:56]} 40. Rg1 {[%clk 0:14:48]} Rfc3
{[%clk 0:04:15]} 41. Ne4 {[%clk 0:12:43]} Rxg1 {[%clk 0:04:38]} 42. Kxg1 Rc4 43.
Re6 {[%clk 0:13:09]} Rxa4 {[%clk 0:05:25]} 44. Kf2 {[%clk 0:13:19]} Ra3
{[%clk 0:05:33]} 45. h4 {[%clk 0:13:27]} Rh3 {[%clk 0:05:51]} 46. Rh6
{[%clk 0:13:48]} Kb7 {[%clk 0:06:16]} 47. h5 {[%clk 0:13:44]} 1-0

[Event "RTU Open, Riga"]
[Site "?"]
[Date "2013.08.05"]
[Round "1.9"]
[White "Gleizerov, Evgeny"]
[Black "Topi-Hulmi, Teemu"]
[Result "1-0"]
[BlackElo "2234"]
[WhiteElo "2567"]

1. d4 {[%clk 1:28:54]} d5 {[%clk 1:30:48]} 2. c4 {[%clk 1:29:19]} c6
{[%clk 1:31:09]} 3. Nf3 {[%clk 1:29:45]} Nf6 {[%clk 1:31:31]} 4. Nc3
{[%clk 1:30:12]} dxc4 {[%clk 1:31:47]} 5. a4 {[%clk 1:30:37]} Bf5
{[%clk 1:32:04]} 6. e3 {[%clk 1:31:03]} e6 {[%clk 1:32:21]} 7. Bxc4
{[%clk 1:31:29]} Bb4 {[%clk 1:32:36]} 8. O-O {[%clk 1:31:54]} Nbd7
{[%clk 1:32:49]} 9. Nh4 {[%clk 1:32:19]} O-O {[%clk 1:32:09]} 10. Nxf5
{[%clk 1:32:43]} exf5 {[%clk 1:32:31]} 11. Bd2 {[%clk 1:33:09]} Qe7
{[%clk 1:31:02]} 12. Ne2 {[%clk 1:32:59]} g6 {[%clk 1:29:36]} 13. a5
{[%clk 1:29:54]} Bd6 {[%clk 1:24:04]} 14. g3 {[%clk 1:23:16]} Ne4
{[%clk 1:22:46]} 15. Be1 {[%clk 1:22:46]} Rfd8 {[%clk 1:12:53]} 16. Nc3
{[%clk 1:17:59]} Ndf6 {[%clk 1:10:57]} 17. Qe2 {[%clk 1:16:37]} Rac8
{[%clk 0:59:55]} 18. f3 {[%clk 1:13:52]} Nxc3 {[%clk 0:55:43]} 19. bxc3
{[%clk 1:13:48]} Re8 {[%clk 0:49:07]} 20. e4 {[%clk 1:09:42]} Nd5
{[%clk 0:45:08]} 21. e5 {[%clk 0:52:28]} Bb8 {[%clk 0:38:31]} 22. Bb3
{[%clk 0:47:53]} Rcd8 {[%clk 0:35:11]} 23. f4 {[%clk 0:47:20]} a6
{[%clk 0:33:23]} 24. c4 {[%clk 0:41:28]} Nf6 {[%clk 0:30:46]} 25. Qf3
{[%clk 0:32:52]} Ne4 {[%clk 0:26:30]} 26. d5 {[%clk 0:31:21]} Ba7
{[%clk 0:25:00]} 27. Kg2 {[%clk 0:30:17]} Qc5 {[%clk 0:19:17]} 28. Rd1
{[%clk 0:25:58]} h5 {[%clk 0:18:21]} 29. d6 {[%clk 0:24:01]} Qa3 {[%clk 0:11:10]}
30. Bc2 {[%clk 0:20:45]} Qxf3 {[%clk 0:07:59]} 31. Kxf3 {[%clk 0:17:13]} Bc5
{[%clk 0:04:34]} 32. Bxe4 {[%clk 0:14:23]} fxe4 {[%clk 0:04:56]} 33. Ke2
{[%clk 0:13:08]} f5 {[%clk 0:03:51]} 34. Rb1 {[%clk 0:13:08]} Rd7
{[%clk 0:04:08]} 35. Bf2 {[%clk 0:13:17]} Bxf2 {[%clk 0:02:55]} 36. Rxf2
{[%clk 0:13:42]} Kf7 {[%clk 0:03:18]} 37. Ke3 {[%clk 0:14:02]} Ra8
{[%clk 0:02:32]} 38. Rfb2 {[%clk 0:14:18]} Ra7 {[%clk 0:02:51]} 39. h3
{[%clk 0:12:54]} Ke6 {[%clk 0:02:41]} 40. Kd4 {[%clk 0:12:58]} Rf7
{[%clk 0:01:49]} 41. Rb3 {[%clk 0:11:53]} Rd7 {[%clk 0:02:05]} 42. g4
{[%clk 0:08:11]} hxg4 {[%clk 0:01:49]} 43. hxg4 {[%clk 0:08:37]} Rh7
{[%clk 0:01:35]} 44. Rg3 {[%clk 0:08:41]} Kd5 45. Kxe4 1-0

[Event "RTU Open, Riga"]
[Site "?"]
[Date "2013.08.05"]
[Round "1.13"]
[White "Stocek, Jiri"]
[Black "Salomon, Johan"]
[Result "1/2-1/2"]
[BlackElo "2222"]
[WhiteElo "2558"]

1. d4 {[%clk 1:30:46]} Nf6 {[%clk 1:30:41]} 2. c4 {[%clk 1:31:05]} e6
{[%clk 1:31:03]} 3. Nc3 {[%clk 1:30:21]} Bb4 {[%clk 1:31:11]} 4. e3
{[%clk 1:29:17]} O-O {[%clk 1:30:38]} 5. Bd3 {[%clk 1:24:50]} c5 {[%clk 1:29:18]}
6. Nge2 {[%clk 1:16:31]} d5 {[%clk 1:19:25]} 7. cxd5 {[%clk 1:10:02]} exd5
{[%clk 1:12:58]} 8. a3 {[%clk 1:03:49]} Bxc3 {[%clk 1:10:58]} 9. bxc3
{[%clk 1:04:07]} b6 {[%clk 1:07:08]} 10. O-O {[%clk 1:01:11]} Ba6
{[%clk 1:04:40]} 11. Bxa6 {[%clk 1:01:05]} Nxa6 {[%clk 1:05:01]} 12. f3
{[%clk 1:01:17]} Re8 {[%clk 1:02:14]} 13. Ra2 {[%clk 0:59:33]} Nc7
{[%clk 0:59:17]} 14. g4 {[%clk 0:58:09]} Ne6 {[%clk 0:52:07]} 15. Ng3
{[%clk 0:56:42]} Rc8 {[%clk 0:51:36]} 16. Rg2 {[%clk 0:55:06]} cxd4
{[%clk 0:48:12]} 17. cxd4 {[%clk 0:55:12]} Re7 {[%clk 0:46:06]} 18. Nf5
{[%clk 0:27:06]} Rec7 {[%clk 0:45:43]} 19. Bb2 {[%clk 0:26:50]} Ne8
{[%clk 0:34:01]} 20. Qb3 {[%clk 0:23:39]} Rc4 {[%clk 0:32:58]} 21. e4
{[%clk 0:21:58]} Nf4 {[%clk 0:29:20]} 22. Rd2 {[%clk 0:20:46]} Nd6
{[%clk 0:14:58]} 23. Ne3 {[%clk 0:16:05]} R4c7 {[%clk 0:15:02]} 24. exd5
{[%clk 0:08:18]} Nc4 {[%clk 0:13:10]} 25. Nxc4 {[%clk 0:08:26]} Rxc4
{[%clk 0:13:13]} 26. Re1 {[%clk 0:08:38]} h5 {[%clk 0:10:32]} 27. Qe3
{[%clk 0:07:11]} Nxd5 {[%clk 0:08:08]} 28. Qe5 {[%clk 0:07:16]} hxg4
{[%clk 0:05:25]} 29. fxg4 {[%clk 0:07:14]} Qd7 {[%clk 0:04:52]} 30. Rde2
{[%clk 0:05:12]} Rc2 {[%clk 0:04:01]} 31. h3 {[%clk 0:04:09]} Rxe2
{[%clk 0:02:55]} 32. Rxe2 {[%clk 0:04:16]} Nf6 {[%clk 0:02:18]} 33. Qf5
{[%clk 0:02:17]} Qxf5 {[%clk 0:01:56]} 34. gxf5 {[%clk 0:02:41]} Nd5
{[%clk 0:02:11]} 35. Kh2 {[%clk 0:02:24]} f6 {[%clk 0:02:05]} 36. Kg3
{[%clk 0:02:40]} Kf7 {[%clk 0:02:21]} 37. Kf3 {[%clk 0:02:39]} Rh8
{[%clk 0:02:23]} 1/2-1/2

[Event "RTU Open, Riga"]
[Site "?"]
[Date "2013.08.05"]
[Round "1.14"]
[White "Lindgren, Fredrik"]
[Black "Miezis, Normunds"]
[Result "0-1"]
[BlackElo "2557"]
[WhiteElo "2221"]

1. d4 {[%clk 1:30:52]} Nf6 {[%clk 1:30:49]} 2. Nf3 {[%clk 1:31:12]} e6
{[%clk 1:30:56]} 3. g3 {[%clk 1:31:18]} b5 {[%clk 1:31:08]} 4. Bg2
{[%clk 1:31:39]} Bb7 {[%clk 1:31:26]} 5. O-O {[%clk 1:32:00]} c5 {[%clk 1:31:42]}
6. c3 {[%clk 1:31:58]} Na6 {[%clk 1:30:51]} 7. Nbd2 {[%clk 1:17:51]} Be7
{[%clk 1:27:08]} 8. a4 {[%clk 1:16:02]} b4 {[%clk 1:27:16]} 9. c4
{[%clk 1:14:27]} cxd4 {[%clk 1:27:23]} 10. Nxd4 {[%clk 1:13:51]} Bxg2
{[%clk 1:26:51]} 11. Kxg2 {[%clk 1:14:19]} Nc5 {[%clk 1:25:18]} 12. f3
{[%clk 1:12:15]} O-O {[%clk 1:20:58]} 13. N2b3 {[%clk 1:10:58]} Rc8
{[%clk 1:20:51]} 14. Nxc5 {[%clk 0:28:57]} Rxc5 {[%clk 1:19:21]} 15. Qb3
{[%clk 0:14:07]} d5 {[%clk 1:09:05]} 16. cxd5 {[%clk 0:14:19]} Qxd5
{[%clk 1:08:22]} 17. Qxd5 {[%clk 0:13:56]} Rxd5 {[%clk 1:08:40]} 18. Nc6
{[%clk 0:03:54]} Bc5 {[%clk 1:07:12]} 19. Bf4 {[%clk 0:04:22]} Rc8
{[%clk 1:01:01]} 20. Ne5 {[%clk 0:04:18]} Bd6 {[%clk 0:54:31]} 21. Rac1
{[%clk 0:04:39]} Rxc1 {[%clk 0:53:34]} 22. Rxc1 {[%clk 0:05:06]} g5
{[%clk 0:53:50]} 23. e4 {[%clk 0:02:21]} gxf4 {[%clk 0:50:31]} 24. exd5
{[%clk 0:02:48]} Bxe5 {[%clk 0:50:44]} 25. Rc8 {[%clk 0:03:16]} Kg7
{[%clk 0:51:00]} 26. dxe6 {[%clk 0:03:11]} fxe6 {[%clk 0:51:20]} 27. gxf4
{[%clk 0:01:43]} Bxf4 {[%clk 0:51:23]} 28. b3 {[%clk 0:00:44]} Nd5
{[%clk 0:51:24]} 29. Ra8 {[%clk 0:01:00]} Be3 {[%clk 0:51:39]} 30. Kf1
{[%clk 0:00:37]} Bd4 {[%clk 0:49:24]} 31. Ke2 {[%clk 0:00:56]} Nf4
{[%clk 0:49:46]} 32. Kd2 {[%clk 0:01:13]} h5 {[%clk 0:48:41]} 33. Rb8
{[%clk 0:01:35]} Bb6 {[%clk 0:48:15]} 34. a5 {[%clk 0:00:50]} Bxa5
{[%clk 0:47:43]} 35. Rb7 {[%clk 0:00:49]} Kf6 {[%clk 0:46:48]} 36. Rxa7
{[%clk 0:01:18]} Bb6 {[%clk 0:46:51]} 37. Rb7 {[%clk 0:01:45]} Nd5
{[%clk 0:45:03]} 38. Kd3 {[%clk 0:02:09]} Bc7 {[%clk 0:45:23]} 39. h3
{[%clk 0:00:56]} Kf5 {[%clk 0:45:25]} 40. Kc4 {[%clk 0:00:32]} Ke5 41. Kd4 0-1

[Event "RTU Open, Riga"]
[Site "?"]
[Date "2013.08.06"]
[Round "2.3"]
[White "Beinoras, Mindaugas"]
[Black "Vovk, Yuri"]
[Result "1/2-1/2"]
[BlackElo "2608"]
[WhiteElo "2378"]

1. d4 {[%clk 1:21:24]} Nf6 {[%clk 1:30:53]} 2. Bg5 {[%clk 1:21:50]} Ne4
{[%clk 1:30:18]} 3. Bf4 {[%clk 1:22:13]} c5 {[%clk 1:30:18]} 4. f3
{[%clk 1:22:24]} Nf6 {[%clk 1:30:20]} 5. d5 {[%clk 1:21:01]} Nh5 {[%clk 1:30:46]}
6. Bg5 {[%clk 1:10:09]} h6 {[%clk 1:28:14]} 7. Bc1 {[%clk 1:07:55]} e5
{[%clk 1:28:38]} 8. Nh3 {[%clk 1:06:46]} d6 {[%clk 1:27:53]} 9. Nf2
{[%clk 1:07:03]} f5 {[%clk 1:24:43]} 10. e4 {[%clk 0:59:58]} f4 {[%clk 1:25:02]}
11. Bb5 {[%clk 1:00:21]} Nd7 {[%clk 1:25:10]} 12. g4 {[%clk 1:00:05]} fxg3
{[%clk 1:23:28]} 13. hxg3 {[%clk 0:59:54]} g6 {[%clk 1:21:34]} 14. g4
{[%clk 0:46:34]} Nf4 {[%clk 1:21:35]} 15. Bxf4 {[%clk 0:45:52]} exf4
{[%clk 1:21:58]} 16. e5 {[%clk 0:46:20]} Qa5 {[%clk 1:17:46]} 17. Nc3
{[%clk 0:46:41]} Bg7 {[%clk 1:18:13]} 18. Qd3 {[%clk 0:33:04]} Bxe5
{[%clk 1:17:32]} 19. Qxg6 {[%clk 0:32:30]} Kd8 {[%clk 1:17:48]} 20. Nfe4
{[%clk 0:16:35]} Kc7 {[%clk 1:13:57]} 21. Rh5 {[%clk 0:17:00]} Bxc3
{[%clk 1:09:27]} 22. Nxc3 {[%clk 0:16:31]} a6 {[%clk 1:09:43]} 23. Bxd7
{[%clk 0:15:30]} Bxd7 {[%clk 1:10:12]} 24. O-O-O {[%clk 0:15:50]} Rag8
{[%clk 1:09:09]} 25. Qf6 {[%clk 0:15:12]} Rf8 {[%clk 1:09:32]} 26. Qg7
{[%clk 0:14:41]} Rfg8 {[%clk 1:01:04]} 27. Qf6 {[%clk 0:14:46]} Rf8
{[%clk 1:01:33]} 28. Qg7 {[%clk 0:14:52]} Rfg8 {[%clk 1:01:59]} 29. Qf6
{[%clk 0:15:17]} Rf8 {[%clk 1:02:26]} 1/2-1/2

[Event "RTU Open, Riga"]
[Site "?"]
[Date "2013.08.07"]
[Round "4.2"]
[White "Sipila, Vilka"]
[Black "Kveinys, Aloyzas"]
[Result "0-1"]
[BlackElo "2491"]
[WhiteElo "2474"]

1. e4 c5 {[%clk 1:30:41]} 2. c3 {[%clk 1:31:22]} Nf6 {[%clk 1:30:44]} 3. e5
{[%clk 1:31:48]} Nd5 {[%clk 1:31:07]} 4. d4 {[%clk 1:32:14]} cxd4
{[%clk 1:31:27]} 5. Nf3 {[%clk 1:32:40]} e6 {[%clk 1:31:30]} 6. cxd4
{[%clk 1:33:04]} d6 {[%clk 1:31:47]} 7. Bc4 {[%clk 1:33:29]} Be7 {[%clk 1:31:33]}
8. O-O {[%clk 1:33:54]} O-O {[%clk 1:31:50]} 9. Qe2 {[%clk 1:34:18]} Bd7
{[%clk 1:32:01]} 10. Bxd5 {[%clk 1:27:17]} exd5 {[%clk 1:32:23]} 11. Nc3
{[%clk 1:27:41]} Be6 {[%clk 1:32:25]} 12. Bf4 {[%clk 1:19:33]} dxe5
{[%clk 1:32:05]} 13. dxe5 {[%clk 1:13:24]} Nc6 {[%clk 1:27:09]} 14. Rfd1
{[%clk 1:13:18]} Qa5 {[%clk 1:25:51]} 15. a3 {[%clk 1:08:59]} Rad8
{[%clk 1:23:23]} 16. b4 {[%clk 1:08:23]} Qb6 {[%clk 1:16:34]} 17. Rac1
{[%clk 1:02:05]} d4 {[%clk 1:12:30]} 18. Na4 {[%clk 1:01:21]} d3 {[%clk 1:12:48]}
19. Qb2 {[%clk 0:48:25]} Qb5 {[%clk 1:12:03]} 20. Nc3 {[%clk 0:48:23]} Qc4
{[%clk 1:12:13]} 21. Bg3 {[%clk 0:39:56]} Nd4 {[%clk 1:05:53]} 22. Nxd4
{[%clk 0:36:00]} Qxd4 {[%clk 1:04:33]} 23. Qd2 Bb3 {[%clk 1:01:40]} 24. Re1
{[%clk 0:35:12]} Bg5 {[%clk 1:01:53]} 25. Qxg5 {[%clk 0:35:31]} d2
{[%clk 1:02:18]} 26. Nb5 {[%clk 0:32:03]} Qd5 {[%clk 0:59:17]} 27. Nc3
{[%clk 0:29:05]} Qd3 {[%clk 0:58:46]} 28. f3 {[%clk 0:24:06]} Qd4
{[%clk 0:48:46]} 29. Kh1 {[%clk 0:18:18]} h6 {[%clk 0:44:41]} 30. Qf4
{[%clk 0:17:24]} dxe1=Q {[%clk 0:44:54]} 31. Rxe1 {[%clk 0:17:01]} Qxc3
{[%clk 0:45:18]} 32. e6 {[%clk 0:16:58]} Bxe6 {[%clk 0:45:32]} 33. h4
{[%clk 0:17:20]} Rd5 {[%clk 0:44:44]} 34. Kg1 {[%clk 0:17:39]} Qd4
{[%clk 0:45:02]} 35. Kf1 {[%clk 0:16:40]} Qxf4 {[%clk 0:45:16]} 36. Re3
{[%clk 0:16:53]} Qxe3 {[%clk 0:45:38]} 37. Be5 {[%clk 0:17:21]} Rd1 0-1

[Event "RTU Open, Riga"]
[Site "?"]
[Date "2013.08.07"]
[Round "4.6"]
[White "Collins, Sam E"]
[Black "Kulaots, Kaido"]
[Result "1/2-1/2"]
[BlackElo "2581"]
[WhiteElo "2463"]

1. e4 {[%clk 1:30:52]} c6 {[%clk 1:30:54]} 2. d4 {[%clk 1:28:58]} d5
{[%clk 1:30:44]} 3. exd5 {[%clk 1:29:07]} cxd5 {[%clk 1:31:07]} 4. c4
{[%clk 1:29:22]} Nf6 {[%clk 1:31:21]} 5. Nc3 {[%clk 1:29:39]} Nc6
{[%clk 1:30:37]} 6. Nf3 {[%clk 1:27:22]} Be6 {[%clk 1:29:11]} 7. cxd5
{[%clk 1:19:11]} Bxd5 {[%clk 1:28:46]} 8. Be2 {[%clk 1:17:46]} e6
{[%clk 1:28:34]} 9. O-O {[%clk 1:17:27]} Be7 {[%clk 1:27:36]} 10. Qa4
{[%clk 1:00:31]} O-O {[%clk 1:27:17]} 11. Rd1 {[%clk 1:00:25]} a6
{[%clk 1:24:43]} 12. Nxd5 {[%clk 0:50:24]} Nxd5 {[%clk 1:22:52]} 13. Ne5
{[%clk 0:47:27]} Rc8 {[%clk 1:17:54]} 14. Bf3 {[%clk 0:40:57]} Qd6
{[%clk 1:08:35]} 15. Nc4 {[%clk 0:37:02]} Qb4 {[%clk 1:05:47]} 16. Qxb4
{[%clk 0:37:07]} Ncxb4 {[%clk 1:04:21]} 17. Ne3 {[%clk 0:36:17]} Rfd8
{[%clk 0:47:28]} 18. a3 {[%clk 0:32:07]} Nxe3 {[%clk 0:41:46]} 19. Bxe3
{[%clk 0:28:55]} Nd5 {[%clk 0:38:33]} 20. Rac1 {[%clk 0:28:38]} Rb8
{[%clk 0:26:28]} 21. Rc2 {[%clk 0:27:26]} Kf8 {[%clk 0:26:22]} 22. Kf1
{[%clk 0:26:41]} Ke8 {[%clk 0:26:08]} 23. Ke2 {[%clk 0:26:29]} Rd6
{[%clk 0:25:32]} 24. Rdc1 {[%clk 0:26:09]} Bd8 {[%clk 0:24:08]} 25. Rc8
{[%clk 0:23:12]} Rxc8 {[%clk 0:24:12]} 26. Rxc8 {[%clk 0:23:36]} Kd7
{[%clk 0:23:45]} 27. Rc2 {[%clk 0:23:41]} Rb6 {[%clk 0:22:47]} 28. Bxd5
{[%clk 0:21:10]} exd5 {[%clk 0:23:12]} 29. h3 {[%clk 0:20:15]} Rb3
{[%clk 0:22:53]} 30. f3 {[%clk 0:18:11]} a5 {[%clk 0:21:44]} 31. Bf2
{[%clk 0:17:48]} h5 {[%clk 0:16:21]} 32. Be3 {[%clk 0:16:57]} g5 {[%clk 0:15:13]}
33. g4 {[%clk 0:14:49]} h4 {[%clk 0:14:43]} 34. Bc1 {[%clk 0:14:25]} a4
{[%clk 0:13:01]} 35. Rc5 {[%clk 0:12:36]} Ke6 {[%clk 0:12:48]} 36. Rc3
{[%clk 0:12:38]} Rb6 {[%clk 0:09:23]} 37. Rc2 {[%clk 0:10:35]} f5
{[%clk 0:07:08]} 38. Bd2 {[%clk 0:09:27]} Rb3 {[%clk 0:07:19]} 39. Bc3
{[%clk 0:09:11]} Be7 {[%clk 0:07:15]} 40. Kd3 {[%clk 0:09:16]} f4
{[%clk 0:05:47]} 41. Re2 {[%clk 0:09:36]} Kf7 {[%clk 0:05:12]} 42. Kc2
{[%clk 0:09:14]} Bf6 {[%clk 0:05:20]} 43. Kd3 {[%clk 0:09:25]} Rb6
{[%clk 0:04:51]} 44. Re1 {[%clk 0:09:35]} Rc6 {[%clk 0:05:08]} 45. Re2
{[%clk 0:09:48]} Rb6 {[%clk 0:04:47]} 46. Re1 {[%clk 0:09:59]} Be7
{[%clk 0:04:53]} 47. Re5 {[%clk 0:10:02]} Rb5 {[%clk 0:05:05]} 48. Re2
{[%clk 0:10:05]} Bd6 {[%clk 0:05:28]} 49. Kc2 {[%clk 0:09:05]} Rb6
{[%clk 0:05:10]} 50. Kd3 {[%clk 0:09:12]} Rc6 {[%clk 0:04:51]} 51. Re1
{[%clk 0:09:32]} Rc4 {[%clk 0:05:08]} 52. Rb1 {[%clk 0:09:22]} Ke6
{[%clk 0:04:12]} 53. Re1 {[%clk 0:09:12]} Kd7 {[%clk 0:04:26]} 54. Re2
{[%clk 0:09:19]} Rc8 {[%clk 0:04:19]} 55. Re1 {[%clk 0:07:23]} b5
{[%clk 0:04:06]} 56. Re2 {[%clk 0:07:00]} Rc6 {[%clk 0:04:27]} 57. Rc2
{[%clk 0:06:34]} Ke6 {[%clk 0:04:33]} 58. Re2 {[%clk 0:06:10]} Kd7
{[%clk 0:04:55]} 59. Rc2 {[%clk 0:06:35]} Rc8 {[%clk 0:04:56]} 60. Re2
{[%clk 0:06:37]} Rc4 {[%clk 0:04:57]} 61. Re1 {[%clk 0:06:43]} Rc8
{[%clk 0:04:29]} 62. Ke4 1/2-1/2